Intenciones en arquitectura /
Contra el pensamiento de muchos arquitectos de que la teoría coarta la libertad creadora, el autor de este texto sistematiza conceptualmene los elementos que pueden ser utilizados tanto en la edificación misma, como en el estudio crítico de la arquitectura. Sostiene que en muchas de la soluciones qu...
Збережено в:
| Автор: | |
|---|---|
| Формат: | Книга |
| Мова: | Іспанська |
| Опубліковано: |
Barcelona, España :
Gustavo Gili,
1998, c1998
|
| Серія: | (GG Reprints)
|
| Предмети: | |
| Теги: |
Немає тегів, Будьте першим, хто поставить тег для цього запису!
|
MARC
| LEADER | 00000nam^a2200000^a^4500 | ||
|---|---|---|---|
| 001 | 000185884 | ||
| 005 | 20250521000000.0 | ||
| 009 | 20260310102205.765 | ||
| 020 | |a 84-252-1750-4 | ||
| 037 | |a Acervo ITESO - Biblioteca | ||
| 041 | |a ESP | ||
| 082 | |a 720. 1 |b NOR | ||
| 100 | |a Norberg-Schulz, Christian |e (autor) | ||
| 245 | 1 | 0 | |a Intenciones en arquitectura / |c C. Norberg-Schulz ; tr. por Jorge Sáinz Avia, Fernando González Fernández Valderrama.. |
| 264 | 4 | |a Barcelona, España : |b Gustavo Gili, |c 1998, c1998 | |
| 300 | |a 240 p. | ||
| 336 | |a texto |b txt |2 rdacontenido | ||
| 337 | |a sin mediación |b n |2 rdamedio | ||
| 338 | |a volumen |b nc |2 rdasoporte | ||
| 440 | 1 | |a (GG Reprints) | |
| 500 | |a Traducción de: Intensjoner i arkitekturen | ||
| 520 | |a Contra el pensamiento de muchos arquitectos de que la teoría coarta la libertad creadora, el autor de este texto sistematiza conceptualmene los elementos que pueden ser utilizados tanto en la edificación misma, como en el estudio crítico de la arquitectura. Sostiene que en muchas de la soluciones que, en la práctica, se ofrecen a los problemas arquitectónicos, en realidad se expresa una dimensión teórica del campo. | ||
| 649 | |a XX | ||
| 650 | |a Percepción Visual | ||
| 650 | |a Recepción y Apreciación del Arte | ||
| 650 | |a Psicología y Arte | ||
| 650 | |a Estética | ||
| 650 | |a Semiótica y Arquitectura | ||
| 650 | |a Semiótica y Arte | ||
| 650 | |a Semántica | ||
| 650 | |a Arquitectura y Sociedad | ||
| 650 | |a Arquitectura - |x Aspectos Psicológicos | ||
| 650 | |a Arquitectura - |x Filosofía | ||
| 650 | |a Arquitectura - |x Teoría | ||
| 650 | |a Arte - |x Teoría | ||
| 910 | |a Fondo General | ||
| 920 | |a Impresos - Libros | ||
| 930 | |a Colección General | ||
| 905 | |a 101 | ||
| 901 | |a 0500127141 |b IT1 |c ACC |u 20250521 | ||
| 902 | |a https://opac.biblio.iteso.mx/vufind/Record/000185884 | ||